00424nam a2200133 a 450000100100000000500170001000800410002704000250006808200150009311000420010824500680015026000430021830000290026100002882220200930055147.0110412s1997 dr a 000 0 spa d aDO-SdBNPbspacBNPHU axxxbR426d1 aRepública DominicanabBanco Central13aLa deuda pública externa global de la República Dominicana. aSanto Domingo :bBanco Central,c1997. a25 p. :bgraf. ;c29 cm.